000 00819nam a2200265 a 4500
001 BRL_1003
005 20190320211005.0
008 301013s1972----mx-a######---#000-0#spa-#
041 _aspa
044 _amx
050 4 _aF1221.H8
_b.P49 1972
245 1 0 _aEl Peyote y Los Huicholes
_cSalomón Nahymad Sittón ...[et al.]
260 _aMéxico
_bSecretaría de Educación Pública
_c1972
300 _a196 p.
_bil.
_c17 cm
440 0 _aSepsetentas
_v29
_922717
500 _aAu1124
650 1 4 _aHuicholes
_xVida social y costumbres
_924882
650 1 4 _aIndígenas de México
_xReligión y Mitología
_923675
650 1 4 _aHuicholes
_xReligión y Mitología
_925537
650 1 4 _aPeyote
_925538
700 1 _aNahmad Sittón, Salomón
_925539
700 1 _aKlineberg, Otto
_925540
902 _aGRL
942 _2lcc
_cB
999 _c9815
_d9815